| 000 | 00963nam a2200301 a 4500 | ||
|---|---|---|---|
| 003 | MX-MxUPN | ||
| 005 | 20241021113054.0 | ||
| 008 | 140516t2007 uy a br 000 j spa d | ||
| 020 | _a9789974800380 | ||
| 035 | _aUPN01000197227 | ||
| 040 |
_aMX-MxUPN _bspa _cMX-MxUPN |
||
| 041 | _aspa | ||
| 050 | 1 | 4 |
_aPZ78 _bC465 2007 |
| 245 | 0 | 3 | _aLa cenicienta, caperucita roja, peter pan y otros famosos cuentos clásicos |
| 260 |
_aMontevideo : _bCadiex International, _c©2007. |
||
| 300 |
_a[80] páginas : _bilustraciones |
||
| 490 | 0 | _aColorín colorado | |
| 650 | 4 |
_aCuentos infantiles _96744 |
|
| 650 | 4 |
_aNarración de cuentos _94988 |
|
| 700 | 1 |
_aErbiti, Alejandra, _d1963- _eadaptación _933263 |
|
| 700 |
_aBlind, Noemí _eilustración _954200 |
||
| 700 | 1 |
_aVidal, Karina _eilustración _954202 |
|
| 700 | 1 |
_aVidal, Carla _eilustración _954203 |
|
| 902 | _bMaríaRobles/211024 | ||
| 905 | _aInfantil | ||
| 942 |
_n0 _2lcc _cLIBRO |
||
| 999 |
_c169328 _d169328 |
||